[Event "Sofia TV m"]
[Site "Sofia"]
[Date "2004.01.01"]
[Round "2"]
[White "Anand, Viswanathan"]
[Black "Topalov, Veselin"]
[Result "1/2-1/2"]
[WhiteElo "2766"]
[BlackElo "2735"]
[Annotator "Rogozenco,D"]
[PlyCount "62"]
[EventDate "2004.01.01"]
[EventType "match (blitz)"]
[EventRounds "2"]
[EventCountry "BUL"]
[SourceTitle "CBM 100"]
[Source "ChessBase"]
[SourceDate "2004.06.01"]
[SourceVersion "1"]
[SourceVersionDate "2004.06.01"]
[SourceQuality "1"]

1. e4 c5 2. Nf3 Nc6 3. d4 cxd4 4. Nxd4 Nf6 5. Nc3 e5 6. Ndb5 d6 7. Bg5 a6 8.
Na3 b5 9. Bxf6 gxf6 10. Nd5 Bg7 11. c3 f5 12. exf5 Bxf5 13. Nc2 O-O 14. Nce3
Be6 15. Bd3 f5 16. O-O (16. Qh5 e4 17. Bc2 Ne7 18. Rd1 Kh8 (18... b4 {is
nowadays considered the simplest way to equality.}) 19. O-O Rc8 {is a
different line, which transposes to the game (it's the same position as in the
game after move 19).}) 16... Kh8 {A move with very good result for Black,
which was played for the first time by Sulava, but became popular after the
game J.Polgar-Illescas, 1999.} (16... Ra7 {has been the main move lately and
nowadays is analyzed often until forced draw.}) 17. Qh5 (17. Bc2 Ra7 18. Qh5
Raf7 19. Rad1 Ne7 20. f4 Nxd5 21. Nxd5 e4 22. Kh1 a5 23. a3 Qa8 24. Ne3 Qc6 $15
{1/2-1/2 Timoscenko,G-Sulava,N/Oberwart 1995 (32)}) 17... e4 (17... Bf7 18. Qh3
e4 19. Bc2 Ne5 20. Rfd1 (20. f3 $2 exf3 21. gxf3 Bxd5 22. Nxd5 Qg5+ 23. Kh1 Qd2
$15 {0-1 Polgar,J-Illescas Cordoba,M/Dos Hermanas 1999 (61)}) 20... Bxd5 21.
Rxd5 Qf6 22. Rad1 Rad8 23. f4 $14 {1/2-1/2 Topalov,V-Leko,P/Monte Carlo 2003 
(39)}) 18. Bc2 Ne7 19. Rad1 Rc8 20. f3 Bf7 (20... Nxd5 21. Nxd5 Bxd5 22. Rxd5
Qb6+ (22... Be5 23. f4 $1 (23. fxe4 $2 f4 24. Bb3 Rc7 $44)) 23. Kh1 Qe3 24. f4
Rc5 25. Rxd6 b4 $44 {1/2-1/2 Schmaltz,R-Chuchelov,V/France 2003 (41)}) 21. Qh3
Nxd5 22. Nxd5 b4 (22... Be5 $5 23. fxe4 f4 24. Nxf4 Qg5 25. Nd5 Bh5 $44) 23.
fxe4 (23. Nxb4 a5 24. Nd5 Bxd5 25. Rxd5 Qb6+ 26. Kh1 Qxb2 $15) (23. Qxf5 {
is critical. For instance:} bxc3 24. bxc3 Bg8 (24... Bg6 25. Qh3 Bxc3 26. Bxe4
Bxe4 27. fxe4 Rxf1+ 28. Rxf1 $16) 25. Qxe4 {and there is no clear compensation.
}) 23... bxc3 24. bxc3 Bxd5 25. exd5 (25. Rxd5 $2 Rxc3 26. Bd3 fxe4 $19) 25...
Rxc3 26. Bd3 Bd4+ 27. Kh1 Qg5 28. Rxf5 (28. g3 Rf6 $1 (28... h6 29. Bxf5 (29.
Rxf5 Rxf5 30. Bxf5 Rc1 $11) 29... Be5 {Here White can claim a slight advantage.
}) 29. Bxf5 (29. Rxf5 $4 Rxd3 $1) 29... Rh6 $132) 28... Rxf5 29. Qxf5 Qxf5 30.
Bxf5 Be3 31. g3 Rc1 1/2-1/2

[Event "Corus"]
[Site "Wijk aan Zee"]
[Date "2004.01.15"]
[Round "5"]
[White "Svidler, Peter"]
[Black "Anand, Viswanathan"]
[Result "1/2-1/2"]
[WhiteElo "2747"]
[BlackElo "2766"]
[Annotator "Postny,E"]
[PlyCount "160"]
[EventDate "2004.01.10"]
[EventType "tourn"]
[EventRounds "13"]
[EventCountry "NED"]
[EventCategory "19"]
[SourceTitle "CBM 099"]
[Source "ChessBase"]
[SourceDate "2004.03.30"]
[SourceVersion "1"]
[SourceVersionDate "2004.03.30"]
[SourceQuality "1"]

1. e4 e5 2. Nf3 Nc6 3. Bb5 a6 4. Ba4 Nf6 5. O-O Nxe4 6. d4 b5 7. Bb3 d5 8. dxe5
Be6 9. Nbd2 Be7 ({More popular is} 9... Nc5) 10. c3 (10. Nxe4 dxe4 11. Bxe6
fxe6 12. Ng5 Qxd1 (12... Bxg5 13. Qh5+ g6 14. Qxg5 O-O 15. Qg4 Qd5 16. Re1 Rf5
17. Bh6 $36 {1-0 Geller,E-Krasenkow,M/Cappelle la Grande 1992/EXT 97 (26)}) 13.
Rxd1 Bxg5 14. Bxg5 Rf8 $11 {1/2-1/2 Sax,G-Tarjan,J/Hastings 1977/MCD (42)})
10... Qd7 {More common continuations are: 10...Nc5 and 10...0-0.} 11. Re1 (11.
Qe2 {- see the annotated game Ivanchuk,V-Krasenkow,M/Wijk aan Zee 2003/CBM 93 
[Postny,E] (36)}) (11. Bc2 Bf5 (11... Nxd2 12. Qxd2 Bg4 13. Qf4 Bxf3 14. Bf5
Qd8 15. Qxf3 Nxe5 16. Qe2 Qd6 17. Re1 Nc6 18. Bg5 Kf8 19. Be3 $36 {1-0 Polgar,
J-Anand,V/Munich 1991/CBM 23 (65)}) 12. Nd4 Bg6 13. a4 O-O (13... Nxd2 $142 14.
Bxd2 O-O {Krasenkow}) 14. Nxe4 Bxe4 15. axb5 axb5 16. Rxa8 Rxa8 17. Bxe4 dxe4
18. e6 fxe6 19. Nxb5 $14 {1/2-1/2 Luther,T-Krasenkow,M/Asti 1996/CBM 57 (34)})
11... Nc5 12. Bc2 Bf5 (12... d4 13. Nb3 dxc3 14. Qxd7+ Bxd7 15. bxc3 Na4 16.
Bd2 Nd8 17. Nbd4 g6 18. Bxa4 bxa4 19. Bg5 $16 {1-0 Short,N-Motwani,P/Isle of
Lewis 1995/CBM 49 (46)}) 13. Bxf5 (13. Nf1 Bxc2 14. Qxc2 O-O 15. Be3 Ne6 16.
Rad1 f6 17. exf6 Bxf6 18. Ng3 Rad8 $11 {1/2-1/2 Zapata,A-Rodriguez Cespedes,A/
Bogota 1991/TD (27)}) 13... Qxf5 14. Nb3 (14. Nf1 Qd3 (14... Rd8 15. Nd4 Nxd4
16. cxd4 Nd3 17. Qc2 Qg6 18. Rd1 Nxe5 19. Qxc7 Nc6 20. Bf4 O-O 21. Rac1 Rc8 22.
Rxc6 Qg4 23. Qxe7 Rxc6 24. Rc1 Rxc1 25. Bxc1 Qxd4 $13 {0-1 Henao,R-Cunha
Pereira,S/Buenos Aires 1991/EXT 2000 (38)}) 15. Be3 O-O-O 16. Qc1 Kb7 17. Bxc5
Bxc5 18. b4 Bb6 19. a4 $16 {1-0 Boleslavsky,I-Kortschnoj,V/Moscow 1966/EXT 99 
(42)}) 14... Rd8 15. Nxc5 Bxc5 16. Be3 $1 $146 {Svidler clearly indicates,
that black still has problems to solve in this position.} (16. Bg5 Rd7 17. Be3
Be7 18. a4 O-O 19. axb5 axb5 20. Qb3 Rb8 21. Nd4 Nxd4 22. cxd4 c5 23. dxc5 d4
24. Bd2 {1/2-1/2 Borsos,B-Karsa,L/Zalakaros 1991/TD (24)}) 16... Be7 ({
Probably safer was} 16... Bxe3 17. Rxe3 O-O 18. Nd4 Nxd4 19. cxd4 f6) 17. Nd4
Nxd4 (17... Qg6 18. a4 $36) 18. cxd4 c5 $1 {Typical breakthrough for this
opening variation.} 19. dxc5 d4 20. Bxd4 $1 O-O $2 {This is quite inconsistent.
} (20... Bxc5 21. Bxc5 Rxd1 22. Raxd1 {I guess, that Anand was concerned about
this position, and indeed, white has excellent compensation for the queen.
However, after} h5 $1 {[%cal Yh8h6] black has sufficient defensive resources,
for instanse:} 23. Rd5 Rh6 24. Red1 Qc8 $14) 21. c6 $6 (21. Rc1 Bxc5 22. Rxc5
Qf4 23. g3 Qxd4 24. Qxd4 Rxd4 25. Re2 $16) 21... Rd5 $6 (21... Bc5 $2 22. Bxc5
Rxd1 23. Raxd1 $18) (21... Bb4 $1 22. c7 $8 (22. Re3 $4 Bc5 23. Rd3 (23. Bxc5
$2 Rxd1+ 24. Rxd1 Qc2 $19 {[%csl Rc5,Rd1]}) 23... Qe4 $17) 22... Bxe1 23.
cxd8=Q Rxd8 24. Qxe1 Rxd4 {and black's active pieces gives him good survival
chances.}) 22. Rc1 Rc8 23. g3 Qe6 {Black captures the Pc6, but still remains a
pawn down without any compensation.} 24. Qd3 Rxc6 25. Rxc6 Qxc6 26. Qe4 g6 ({
Very dangerous for black is} 26... Qc4 27. Bc3 Qxa2 28. e6 $40) 27. Bc3 Qe6 28.
Kg2 h5 {Anand is building his defense on the white squares, which makes
difficult for white to achieve progress in the position.} 29. h3 Rd8 {[%csl
Ra2]} 30. a3 {White's possible plan can be connected with advance of the
kingside pawns (g3-g4,Kg2-g3,f2-f4, etc.).} Rc8 {Threatening 31...Bxa3.} 31.
Re3 Rc4 32. Qa8+ Rc8 33. Qb7 Rd8 34. Ba5 $1 Re8 35. Rd3 $1 Kf8 (35... Qxe5 $2
36. Re3 $18 {[%cal Ge3e8]}) 36. Rd7 $2 {Strange decision. Svidler goes for
simplification, which increases black's drawing chances.} ({Simple and good was
} 36. Bc3 {keeping all the benefits in the position.}) 36... Qxe5 37. Rxe7 {
The position transforms now to queens endgame.} Rxe7 38. Bb4 Qe6 39. Bxe7+ Qxe7
40. Qxa6 Qe4+ 41. Kh2 Qd4 {[%csl Rb2,Rf2]} 42. Qc8+ Ke7 43. Qb7+ Ke6 44. Qc6+
Ke7 45. Qc2 {Now, if there was white's turn, he could play h3-h4 getting good
winning chances, but...} {[%tqu "En","Find the best move for black.","","",
"h5h4","Important move, which gives black reasonable drawing chances, since
the white king will be exposed to checks.",3]} h4 $1 {Important move, which
gives black reasonable drawing chances, since the white king will be exposed
to checks.} 46. g4 Qe5+ 47. Kg2 Qd5+ 48. Kg1 Qe5 49. Qd2 ({Logical was} 49. b3
Qa1+ 50. Kg2 Qxa3 51. Qe2+ Kf8 52. Qxb5 $16) 49... Kf8 50. Qc3 Qg5 51. Qe3 $6 (
{It was a right time for} 51. b3 {intending to create a passed pawn.}) 51...
Qd5 52. Kf1 (52. Qh6+ Kg8 53. Qxh4 $6 Qd4 $14 {capturing one of white's
queenside pawns.}) 52... Qd1+ 53. Kg2 Qd5+ 54. Qf3 Qa2 55. Qb7 Qc4 (55... Qxb2
$2 {was falling into a trap:} 56. a4 b4 57. a5 Qa3 58. a6 b3 59. a7 b2 60.
a8=Q+ $18) 56. Qa8+ Kg7 57. Qf3 Qa2 58. Qc3+ Kg8 59. Kf3 {Svidler decides to
transfer his king to queenside, but this plan does not yield him much.} Qd5+
60. Ke2 Qe4+ 61. Kd2 Qd5+ 62. Kc2 Qg2 63. Qe3 Qc6+ 64. Kd2 Qd5+ 65. Kc2 Qc6+
66. Kb1 Qd5 67. f4 $6 {This move weakens the g3 square, which can be used by
black.} ({Again, why not} 67. b3 {?}) 67... Qg2 68. Ka2 Qg3 69. Qb3 Kf8 {
The weakness of the h3 pawn gives black sufficient counterplay to maintain the
balance.} 70. f5 {The last chance to achieve progress in the position.} gxf5
71. gxf5 Qe5 72. f6 Kg8 $1 $11 {[%cal Gg8h7,Gh7g6]} 73. Qf3 Kh7 74. Qg4 Qd5+
75. Kb1 Qh1+ 76. Kc2 Qc6+ 77. Kd2 Qxf6 78. Qh5+ Kg7 79. Qxb5 Qf4+ 80. Kc3 Qc1+
{[%mdl 256] Again Anand showed his ability to survive in tough positions.} (
80... Qc1+ 81. Kb3 Qe3+ 82. Ka2 Qxh3 83. Qg5+ Kf8 84. Qd8+ $11) 1/2-1/2

[Event "Amber-blindfold 13th"]
[Site "Monte Carlo"]
[Date "2004.03.23"]
[Round "4"]
[White "Van Wely, Loek"]
[Black "Anand, Viswanathan"]
[Result "1/2-1/2"]
[WhiteElo "2617"]
[BlackElo "2766"]
[PlyCount "75"]
[EventDate "2004.03.20"]
[EventType "tourn (rapid)"]
[EventRounds "11"]
[EventCountry "MNC"]
[EventCategory "19"]
[SourceTitle "CBM 099 Extra"]
[Source "ChessBase"]
[SourceDate "2004.05.04"]
[SourceVersion "1"]
[SourceVersionDate "2004.05.04"]
[SourceQuality "1"]

1. d4 Nf6 2. c4 e6 3. Nc3 Bb4 4. Qc2 O-O 5. a3 Bxc3+ 6. Qxc3 b6 7. Bg5 Bb7 8.
e3 d6 9. Ne2 Nbd7 10. Qd3 h6 11. Bh4 Ba6 12. Nc3 d5 13. Qc2 Bxc4 14. Bxc4 dxc4
15. Qa4 c5 16. Qxc4 cxd4 17. Qxd4 g5 18. Bg3 Nc5 19. Rd1 Qxd4 20. Rxd4 Rfd8 21.
Ke2 Rxd4 22. exd4 Nb3 23. Rd1 Rd8 24. Be5 Ng4 25. f3 Nxe5 26. dxe5 Rxd1 27.
Nxd1 Kg7 28. Nf2 Kg6 29. g4 f5 30. exf6 Kxf6 31. Ke3 Na5 32. Kd4 Nb3+ 33. Ke3
Na5 34. Kd4 Nb3+ 35. Kc3 Nc1 36. Kd2 Nb3+ 37. Kc3 Nc1 38. Kd2 1/2-1/2

[Event "Amber-rapid 13th"]
[Site "Monte Carlo"]
[Date "2004.03.30"]
[Round "9"]
[White "Shirov, Alexei"]
[Black "Anand, Viswanathan"]
[Result "1/2-1/2"]
[WhiteElo "2736"]
[BlackElo "2766"]
[PlyCount "75"]
[EventDate "2004.03.20"]
[EventType "tourn (rapid)"]
[EventRounds "11"]
[EventCountry "MNC"]
[EventCategory "19"]
[SourceTitle "CBM 099 Extra"]
[Source "ChessBase"]
[SourceDate "2004.05.04"]
[SourceVersion "1"]
[SourceVersionDate "2004.05.04"]
[SourceQuality "1"]

1. e4 e5 2. Nf3 Nc6 3. Bb5 a6 4. Ba4 Nf6 5. O-O Be7 6. Re1 b5 7. Bb3 O-O 8. h3
Bb7 9. d3 d6 10. a3 Na5 11. Ba2 c5 12. Nbd2 Bc8 13. c3 Nc6 14. d4 c4 15. b3
exd4 16. cxd4 cxb3 17. Qxb3 Na5 18. Qd3 d5 19. e5 Ne8 20. Nf1 Nc4 21. Ng3 g6
22. a4 Ng7 23. Bb3 Be6 24. axb5 axb5 25. Rxa8 Qxa8 26. Bg5 Qd8 27. Bxe7 Qxe7
28. Ra1 Rc8 29. Bd1 b4 30. Nd2 Qg5 31. Nb3 Nf5 32. Nc5 Nxg3 33. Qxg3 Qxg3 34.
fxg3 Nd2 35. Ra4 Ne4 36. Rxb4 Nxc5 37. dxc5 Rxc5 38. Kf2 1/2-1/2

[Event "ARM-ROW m"]
[Site "Moscow"]
[Date "2004.06.12"]
[Round "3"]
[White "Akopian, Vladimir Eduardovic"]
[Black "Anand, Viswanathan"]
[Result "0-1"]
[WhiteElo "2689"]
[BlackElo "2774"]
[Annotator "Ribli,Z"]
[PlyCount "90"]
[EventDate "2004.06.10"]
[EventType "team"]
[EventRounds "6"]
[EventCountry "RUS"]
[SourceTitle "CBM 102"]
[Source "ChessBase"]
[SourceDate "2004.09.23"]
[SourceVersion "1"]
[SourceVersionDate "2004.09.23"]
[SourceQuality "1"]
[WhiteTeam "Armenia"]
[BlackTeam "Rest of the World"]
[WhiteTeamCountry "ARM"]

1. e4 c5 2. Nf3 Nc6 3. d4 cxd4 4. Nxd4 Qc7 5. Nc3 e6 6. Be3 Nf6 {Schwarz
spielt gewöhnlich 6...a6, aber der Springerzug ist auch nicht schlecht.} 7. Qd2
(7. Ndb5 $5) 7... a6 8. O-O-O {Dieser Aufbau mit 6.Be3, 7.Qd2 und 8.0-0-0
erinnert mich an den Spielablauf 6.Be3, 7.f3 und 8.Qd2 in der Najdorf-Variante.
Im Folgenden sehen wir einen scharfen taktischen Kampf und konkrete Varianten.}
Bb4 9. f3 Na5 {Dieser Springerzug wurde erstmals in der Partie Grischuk,A -
Anand,V, Bastia 2003, gespielt. Die Alternativen sind 9...Ne7 und
hauptsächlich 9...Ne5.} 10. Nb3 (10. Bf4 d6 11. Nb3 e5 12. Bg5 Be6 13. Kb1 Rc8
14. Qe3 b5 15. Bh4 Bxc3 16. Qxc3 Qxc3 17. bxc3 Nb7 18. Kb2 Nd7 {1/2-1/2
Grischuk,A-Anand,V/Bastia 2003/CBM 98 (38)}) (10. Qe1 Bxc3 11. Qxc3 Qxc3 12.
bxc3 d5 $11) 10... Nxb3+ {Das ist die vorbereitete Neuerung für Schwarz.} (
10... d5 11. Bf4 (11. Kb1 Nxb3 (11... Bxc3 12. bxc3 h6 13. Bf4 e5 14. Bxe5 Qxe5
15. Nxa5 Be6 16. Qd4 {1/2-1/2 Leko,P-Anand,V/Wijk aan Zee 2004/CBM 99 (23)' 
(23)}) 12. axb3 dxe4 13. Nb5 Qe7 14. Nc7+ (14. c3 O-O 15. cxb4 axb5 16. Bc5 Qe8
17. Bxf8 Qxf8 18. Bxb5 e5 19. fxe4 Nxe4 20. Qe1 Bf5 21. Bd3 Rd8 22. Rf1 Nf2 23.
Rxf2 Bxd3+ {1/2-1/2 Leko,P-Anand,V/Monaco 2004/CBM 99 ext (23)}) 14... Qxc7 15.
Qxb4 Nd5 16. Qxe4 Nxe3 17. Qxe3 Bd7 18. Qd4 e5 19. Qb4 O-O-O {0-1 Topalov,
V-Anand,V/Sofia BUL 2004/(42)}) 11... Nxb3+ 12. cxb3 Qa5 13. e5 Nd7 14. a3 Be7
15. Kb1 b5 16. b4 Qd8 17. Ne2 Nb6 18. Nd4 Bd7 19. b3 {1-0 Topalov,V-Anand,V/
Monaco 2004/CBM 99 ext (61)}) 11. axb3 d5 12. exd5 Nxd5 13. Bd4 Qa5 {Die
schwarze Drohung ist 14...Qa1+.} 14. Kb1 O-O 15. Bc4 {Weiß muss gegen die
starke schwarze Springerstellung kämpfen.} Bxc3 (15... Nxc3+ 16. bxc3 (16. Bxc3
Bxc3 17. Qxc3 Qg5 $11) 16... Be7 17. Rhe1 $14 (17. Qe3 Rd8 18. Qe5 Qxe5 19.
Bxe5 Rxd1+ 20. Rxd1 f6 $11)) 16. bxc3 (16. Bxc3 Nxc3+ 17. Qxc3 Qg5 $11) 16...
Ne7 {[%cal Ge7c6,Gc6d4]} 17. Qf2 $14 {[%cal Gd4c5,Gc5f8,Gc5b6,Gb6a5] Weiß hat
das Läuferpaar und positionellen Druck auf den dunkelfarbigen Feldern.
Anderseits ist die schwarze Stellung fest und hat keine Schwächen.} Nc6 (17...
b5 18. Bd3 (18. Bb6 Qxc3 19. Bd4 Qa5 $11) 18... Nd5 19. Kb2 $14) 18. Bc5 Re8
19. Qe3 {Weiß muss den c3-Bauern verteidigen.} e5 20. Bb6 Qa3 21. Bc5 Qa5 22.
Kb2 {Endlich ist Weiß nicht mehr mit der Zugwiederholung zufrieden - er droht
jetzt 23.Bb6 mit Damenfang.} Qc7 23. Bb6 Qe7 24. Qc5 (24. Bc5 Qc7 $11 (24...
Qf6 $11)) 24... Qxc5 25. Bxc5 h5 $1 {[%mdl 256] Ein ausgezeichneter
Verteidigungszug - Schwarz muss natürlich früher oder später mit Be6 den
gegnerischen weißfarbigen Läufer tauschen, aber zuerst öffnet er seine
Grundlinie. Es sieht so aus, als hätte Weiß keinen wirklich nützlichen Zug.} (
25... Be6 26. Bxe6 Rxe6 27. Rd7 b5 28. Rhd1 $14) 26. h3 (26. Rd2 Be6 $11) 26...
Be6 27. Bxe6 Rxe6 28. Rd7 b5 $11 {Weiß hat einen starken Läufer auf c5 und
einen aktiven Turm auf d7, aber seine Bauernmehrheit am Damenflügel ist nicht
besonders gefährlich wegen des Doppelbauern auf der c-Linie.} 29. Rhd1 Rc8 30.
R1d6 (30. c4 bxc4 31. b4 e4 $11) 30... Rxd6 31. Bxd6 {[%mdl 4096]} f6 32. Ka3 (
32. b4 Kh7 33. c4 Kg6 $11 (33... bxc4 34. Kc3 Nd4 35. Bc5 Ne6 36. Kxc4 a5 37.
c3 Ra8 38. Be3 (38. b5 $2 Rc8 39. Rd5 a4 40. b6 Nxc5 41. Rxc5 Rxc5+ 42. Kxc5 a3
43. b7 a2 44. b8=Q a1=Q $15) 38... axb4 39. cxb4 Rc8+ 40. Kb3 Nc7 $11)) 32...
Nd8 $1 {[%cal Gd8e6,Ge6f4]} 33. Bb4 (33. Kb4 $5 Nc6+ 34. Ka3 $11) 33... Ne6 34.
Rd6 Nf4 $132 {[%csl Gf4][%cal Rf4g2,Gf4h3] Plötzlich bekommt Schwarz
Gegenspiel - die weißen Bauern am Königsflügel sind angegriffen.} 35. Rxa6 (35.
Rd2 h4 $17) 35... Nxg2 36. Rb6 Ne1 37. Rxb5 Nxf3 (37... Nxc2+ $13) 38. Rd5 (38.
c4 g5 $1) 38... g5 $17 {Schwarz hat einen einfachen Plan - der Vormarsch des
g-Bauern. Die weißen Bauern am Damenflügel sind zu langsam.} 39. Bc5 g4 40.
hxg4 hxg4 41. b4 g3 42. Kb3 f5 (42... Rxc5 $1 43. Rxc5 (43. bxc5 g2 44. Rd1
Nd2+ 45. Rxd2 (45. Kb4 Nf1 $19) 45... g1=Q) 43... g2 $19) 43. Bb6 f4 $19 44. b5
Rb8 45. Rd6 Kf7 0-1

[Event "ARM-ROW m"]
[Site "Moscow"]
[Date "2004.06.14"]
[Round "5"]
[White "Leko, Peter"]
[Black "Anand, Viswanathan"]
[Result "1-0"]
[WhiteElo "2741"]
[BlackElo "2774"]
[Annotator "Ribli,Z"]
[PlyCount "135"]
[EventDate "2004.06.10"]
[EventType "team"]
[EventRounds "6"]
[EventCountry "RUS"]
[SourceTitle "CBM 102"]
[Source "ChessBase"]
[SourceDate "2004.09.23"]
[SourceVersion "1"]
[SourceVersionDate "2004.09.23"]
[SourceQuality "1"]
[WhiteTeam "Armenia"]
[BlackTeam "Rest of the World"]
[WhiteTeamCountry "ARM"]

1. e4 c5 2. Nf3 Nc6 3. d4 cxd4 4. Nxd4 Qc7 5. Nc3 e6 6. Be3 a6 7. Qd2 Nf6 8.
O-O-O Bb4 9. f3 Na5 {Interessanterweise ist das schon die zweite Partie in
diesem Jahr zwischen denselben Spielern in dieser Variante.} 10. Kb1 {[%mdl 4]
Das ist die weiße häusliche Vorbereitung - ich muss anmerken, dass Weiß zwei
Tage vorher (!) 10.Nb3 in der Partie Akopjan,V-Anand,V in demselben Turnier
spielte, wonach die schwarze Verstärkung 10...Nxb3 war.} (10. Nb3 d5 11. Kb1
Nxb3 (11... Bxc3 12. bxc3 h6 13. Bf4 e5 14. Bxe5 Qxe5 15. Nxa5 {1/2-1/2 Leko,
P-Anand,V/Wijk aan Zee NED 2004/23)}) 12. axb3 dxe4 13. Nb5 Qe7 14. c3 O-O 15.
cxb4 axb5 16. Bc5 Qe8 17. Bxf8 Qxf8 18. Bxb5 e5 {1/2-1/2 Leko,P-Anand,V/Monaco
2004/CBM 99 ext (23)}) 10... Bxc3 (10... d5 11. Ncb5 (11. exd5 $6 Bxc3 $15)
11... Qe7 12. c3 $5 $13 (12. Nc7+ Qxc7 13. Qxb4 e5 $11)) 11. bxc3 (11. Qxc3
Qxc3 12. bxc3 d5 $11) 11... b5 (11... d5 $5 $13) 12. Bf4 $1 Qb6 (12... e5 13.
Nf5 (13. Bg3 d6 $15) 13... exf4 14. e5 Ne4 $5 15. fxe4 Qxe5 16. Nd6+ Kf8 17. c4
bxc4 (17... Nxc4 18. Bxc4 bxc4 19. Qb4) 18. Qd5 Qxd5 19. Rxd5 Rb8+ 20. Kc1 Nc6
21. Bxc4 $44) 13. Nb3 $14 {[%csl Yd6][%cal Gf4d6] Weiß hat einen
Entwicklungsvorteil und offensichtlichen positionellen Druck auf den
dunkelfarbigen Feldern.} (13. Be5 $5 $14) 13... Nc4 (13... Nxb3 14. axb3 $14)
14. Qd4 {[%csl Gd4]} d5 (14... Qxd4 15. cxd4 d5 16. Nc5 $14) 15. Bxc4 $1 {
Dieser Zug führt zu Vereinfachungen, wonach Weiß Endspielvorteil bekommt.} Qxd4
16. cxd4 {Auf diese Weise konnte Weiß sich von seinen Doppelbauern auf der
c-Linie befreien.} dxc4 (16... bxc4 17. Nc5 $14) 17. Na5 {[%csl Ga5,Gd4,Ge4,
Gf4]} (17. Nc5 Nd7 $14) 17... Nd7 (17... Bd7) 18. Bc7 O-O (18... Ra7 19. Bd6
$14) 19. d5 exd5 20. exd5 {[%csl Ga5,Gc7,Rc8,Gd5,Rd7] Weiß hat ein aktives
Figurenspiel, während Schwarz große Schwierigkeiten mit der
Figurenkoordination hat.} Nf6 21. Rhe1 Bd7 22. Be5 Rfe8 23. Kb2 $1 {[%csl Gb2]
[%cal Gb2c3,Gc3d4] Der weiße König kommt sehr stark ins Spiel - Schwarz hat
keine besonderen Schwächen, kann seine Stellung aber auch nicht verstärken.}
Rac8 24. Bxf6 (24. Kc3 $16) 24... gxf6 25. Kc3 Kf8 26. Kd4 c3 {Mit diesem Zug
opfert Schwarz eigentlich einen Bauern für Aktivität. Die weiße positionelle
Drohung ist 27.c3.} (26... Bf5 27. c3 $16) 27. Rxe8+ Rxe8 (27... Kxe8 28. a3 {
[%cal Rd1d3,Rd3c3]} Bf5 29. Nc6 $16) 28. Kxc3 $16 {[%mdl 4096] Weiß hat einen
Bauern mehr im Endspiel und mit gut bekanntem technischen Spiel hat Weiß
ausgezeichnete Gewinnchancen.} Rc8+ 29. Kb3 Ke7 30. Rd2 {Stufenweise
verbessert Weiß seine Stellung - zuerst verteidigt er den c2-Bauern.} Kd6 31.
Kb4 {[%cal Gc2c4] Die weiße Drohung ist 32.c4 und 33.c5+.} Rb8 32. c3 f5 {
Weiß stellt seinen Bauern auf gut verteidigte Felder - Schwarz kann nur warten.
} 33. a3 f6 34. Rd4 {[%cal Gd4h4,Gh4h7]} h5 35. g3 Be8 36. Nc6 $1 Rc8 (36...
Bxc6 37. dxc6+ Kxc6 38. Rf4 $16) 37. Na5 Rb8 38. Nc6 Rc8 39. Ka5 $1 Bxc6 40.
dxc6+ Kxc6 41. Rh4 Kd6 42. Kb4 Rh8 43. c4 $1 {Weiß tauscht seine schlechten
Bauern.} bxc4 44. Kxc4 {Jetzt ist das Endspiel materiell gleich, aber Weiß hat
deutlichen Positionsvorteil - sein Turm und König stehen viel aktiver als die
schwarzen Kollegen und die schwarze Bauernstruktur ist auch schlecht.} Ke6 (
44... Kc6 45. Rf4 $18 (45. g4 $16)) 45. Kb4 Rb8+ 46. Ka4 {[%csl Ga4]} Rd8 (
46... Rh8 47. Ka5 $16) 47. Ka5 Rd2 48. a4 f4 49. gxf4 $1 (49. Rxf4 $6 Rxh2 50.
Kxa6 Rg2 $132) 49... Rd6 50. Rxh5 Rd4 51. Rc5 Rxf4 52. Rc3 {Der h-Bauer ist
nicht so wichtig, aber Weiß muss seinen f-Bauern verteidigen.} Rh4 53. Rb3 Kd7
54. Rb4 Rxh2 55. Kxa6 Rc2 56. Kb6 (56. a5 $18) 56... Rc6+ 57. Kb5 Re6 58. Re4
Rd6 59. Rc4 Rd5+ 60. Kb4 Rd3 61. f4 $18 {Jetzt ist schon alles einfach - mit
einem Bauern mehr hat Weiß eine technische Gewinnstellung - der gegnerische
König ist abgeschnitten von der c-Linie, während alles in der weißen Stellung
verteidigt ist.} Rd1 62. a5 Rb1+ 63. Ka4 (63. Kc5 $18) 63... Ra1+ 64. Kb5 Rb1+
65. Rb4 Rf1 66. Kb6 (66. a6 $6 Kc7) 66... Kc8 67. Kc6 Re1 68. Kd6 1-0